| 000 | 00673nam a22002297a 4500 | ||
|---|---|---|---|
| 999 |
_c2793 _d2793 |
||
| 001 | 4108 | ||
| 003 | BD-DhUAP | ||
| 005 | 20200227144804.0 | ||
| 008 | 200227s1996 enka|||| |||| 001 0 eng d | ||
| 020 | _a1854902342 | ||
| 020 | _a9781854902344 | ||
| 040 |
_aBD-DhUAP _bEng _cBD-DhUAP _dBD-DhUAP |
||
| 082 |
_223 _a711.4 ART |
||
| 245 |
_aArt & the City : _ba dream of urbanity / _cEdited by John Stathatos. |
||
| 260 |
_aLondon : _bAcademy Group, _cc1996. |
||
| 300 |
_a96 pages : _billustrations ; _c30 cm. |
||
| 490 | _aArt & design profile no. 50. | ||
| 650 | _aCity planning. | ||
| 650 | _aCities and towns in art. | ||
| 700 | _aStathatos, John. | ||
| 942 |
_2ddc _cBK |
||